Statistics for Most-Followed Twitter Users Quiz

Click here to take the quiz!

General Stats

  • This quiz has been taken 42,377 times
    (6,308 since last reset)
  • The average score is 26 of 99

Answer Stats

# Hint Answer % Correct
55.7 mPoliticianDonald Trump
92%
24.6 mPoliticianPresident Trump
92%
107 mSingerKaty Perry
89%
103 mPoliticianBarack Obama
83%
75.4 mSoccer playerCristiano Ronaldo
75%
104 mSingerJustin Bieber
74%
59.0 mReality starKim Kardashian
66%
83.2 mSingerTaylor Swift
61%
28.8 mRapperKanye West
55%
55.6 mAppTwitter
54%
26.0 mReality starKhloe Kardashian
54%
23.7 mReality starKourtney Kardashian
51%
40.7 mTV stationCNN
49%
54.4 mTV stationCNN Breaking News
49%
41.7 mBasketball playerLeBron James
48%
88.2 mSingerRihanna
47%
22.4 mRapperEminem
46%
31.1 mSoccer clubReal Madrid
44%
77.0 mSingerLady Gaga
43%
29.0 mSoccer clubFC Barcelona
42%
20.6 mWebsiteGoogle
42%
56.9 mActress / singerSelena Gomez
41%
42.3 mNewspaperNew York Times
40%
76.5 mTV hostEllen DeGeneres
40%
58.7 mSingerAriana Grande
40%
27.4 mSports leagueNBA
39%
24.2 mSports leagueNFL
39%
25.7 mReality starKylie Jenner
37%
46.0 mPhilanthropistBill Gates
36%
37.3 mSingerDrake
36%
37.0 mAppInstagram
34%
26.8 mReality starKendall Jenner
34%
50.6 mTV hostJimmy Fallon
33%
41.7 mTV hostOprah Winfrey
33%
41.4 mSoccer playerNeymar
33%
23.6 mPoliticianHillary Clinton
31%
40.4 mSingerMiley Cyrus
31%
64.5 mActor / singerJustin Timberlake
31%
38.4 mTV stationBBC Breaking News
31%
24.0 mTV stationBBC World News
31%
31.0 mBandOne Direction
27%
71.0 mWebsiteYouTube
25%
56.3 mSingerBritney Spears
25%
28.0 mSingerAdele
25%
20.5 mRapperNicki Minaj
25%
19.4 mSingerEd Sheeran
22%
43.8 mActress / singerJennifer Lopez
22%
32.9 mSingerHarry Styles
22%
50.7 mSingerShakira
22%
56.8 mActress / singerDemi Lovato
19%
23.4 mCEOElon Musk
19%
27.8 mSingerZayn Malik
19%
42.0 mSingerBruno Mars
18%
20.4 mSingerMariah Carey
17%
33.9 mRapperLil Wayne
17%
34.6 mComedianKevin Hart
16%
44.4 mP.M. of IndiaNarendra Modi
16%
28.4 mTV hostConan O'Brien
15%
39.3 mSingerNiall Horan
15%
33.7 mTV stationESPN
15%
32.4 mSingerLiam Payne
14%
21.8 mSingerAvril Lavigne
14%
31.9 mSingerP!nk
14%
21.4 mDJDavid Guetta
14%
23.8 mBandColdplay
13%
33.1 mSingerLouis Tomlinson
13%
36.7 mActor (India)Shah Rukh Khan
13%
20.7 mCountry singerBlake Shelton
12%
23.9 mActor (India)Aamir Khan
12%
35.0 mActor (India)Salman Khan
12%
29.1 mSingerChris Brown
12%
23.5 mActress (India)Priyanka Chopra
11%
20.1 mSingerShawn Mendes
10%
20.4 mSingerRicky Martin
10%
29.7 mU.S. govt. agencyNASA
10%
27.1 mCricket playerVirat Kohli
9%
33.6 mRapperWiz Khalifa
9%
26.3 mRapperPitbull
9%
27.4 mCricket playerSachin Tendulkar
9%
28.8 mActressEmma Watson
8%
27.1 mActorNeil Patrick Harris
8%
29.9 mSingerAlicia Keys
7%
20.0 mNews agencyReuters
7%
29.6 mSoccer playerKaka
7%
22.2 mSports leagueUEFA Champions League
6%
22.3 mMagazineNational Geographic
6%
35.4 mActor (India)Amitabh Bachchan
5%
23.6 mSoccer playerAndrés Iniesta
5%
25.1 mActress (India)Deepika Padukone
5%
35.2 mTV programSportscenter
4%
28.5 mActor (India)Akshay Kumar
4%
26.3 mComedianDaniel Tosh
4%
23.5 mSoccer playerMesut Özil
4%
23.4 mMagazineThe Economist
4%
19.4 mSinger (Spain)Alejandro Sanz
3%
24.6 mActor (India)Hrithik Roshan
3%
20.7 mMusician (India)A. R. Rahman
3%
18.9 mSunni scholarAid al-Qarni
2%
21.2 mSunni extremistMohamad al-Arefe
2%

Score Distribution

Percentile by Number Answered

Percent of People with Each Score

Your Score History

You have not taken this quiz since the last reset